Your creative brain : seven steps to maximize imagination, productivity, and innovation in your life
সংরক্ষণ করুন:
| প্রধান লেখক: | |
|---|---|
| বিন্যাস: | Sách |
| ভাষা: | Undetermined |
| প্রকাশিত: |
Jossey-Bass
2010
|
| বিষয়গুলি: | |
| ট্যাগগুলো: |
ট্যাগ যুক্ত করুন
কোনো ট্যাগ নেই, প্রথমজন হিসাবে ট্যাগ করুন!
|
| Thư viện lưu trữ: | Trung tâm Thư viện - Trường Đại học Công nghiệp TP. Hồ Chí Minh |
|---|
| LEADER | 00597nam a2200157Ia 4500 | ||
|---|---|---|---|
| 001 | UIH_04564 | ||
| 008 | 231011s9999 xx 000 0 und d | ||
| 082 | |a 153.3 | ||
| 100 | |a Carson, Shelley | ||
| 245 | 0 | |a Your creative brain : seven steps to maximize imagination, productivity, and innovation in your life | |
| 245 | 0 | |c Carson, Shelley | |
| 260 | |b Jossey-Bass | ||
| 260 | |c 2010 | ||
| 650 | |a Creative ability; Cognition; Khả năng sáng tạo; Nhận thức; | ||
| 927 | |a Sách | ||
| 980 | |a Trung tâm Thư viện - Trường Đại học Công nghiệp TP. Hồ Chí Minh | ||